01430nam a2200253 i 4500003000900000005001700009007000300026008004100029020001800070040003000088041000800118082001800126100004600144245007300190250002200263264005400285300004600339336002700385337003300412338002800445500002600473520065300499521002401152DO-SdBNP20250826081934.0ta250826s2024 dr a 000 0 spa d a9789945948301 aDO-SdBNPbspacBNPHUerda aspa 4axxxbM2772221 aMangones Ureña, Gabrielleeautora4aut.10aCuentos oscuros para noches lluviosas /cGabrielle Mangones Ureña  aPrimera edición aSanto Domingo :b[editor no identificado],c2024. a317 páginas ;bilustraciones ; c24 cm. 2rdacontentatextobtxt 2rdamediaasin mediaciónbn 2rdacarrieravolumenbnc aLibro en pasta dura.  aUn inolvidable dúo de cuentos oscuros perfectos para noches lluviosas. Dos perturbadores episodios de los más macabros, escritos bajo el frío manto de un suspenso asfixiante. ¿Qué tan espantoso podría describirse un brutal caso a los inocentes ojos de un niño pequeño? ¿O qué tanto podrá otro recordar al crecer, sobre los sucesos a los que se expuso su familia en su pueblo natal? "Cuentos oscuros para noches lluviosas" te sumerge en un dúo de historias inquietantes que harán temblar tus noches. Bajo el manto frío de un suspenso asfixiante, estos relatos exploran los rincones más perturbadores de la mente humana.  aJóvenes adultos.